| 000 | 01620cam a2200385 a 4500 | ||
|---|---|---|---|
| 001 | EDZ0000117410 | ||
| 003 | StDuBDS | ||
| 005 | 20161031105208.0 | ||
| 006 | m||||||||d|||||||| | ||
| 007 | cr ||||||||||| | ||
| 008 | 130111s2001 enka fo| 000|0|eng d | ||
| 020 |
_a9781446263570 (ebook) : _cNo price |
||
| 040 |
_aStDuBDS _beng _cStDuBDS _epn |
||
| 049 | _aAlfaisal Main Library | ||
| 050 | 0 |
_aH62 _b.A573 2001 |
|
| 082 | 0 | 4 |
_a300.72073 _223 |
| 245 | 0 | 4 |
_aThe American tradition in qualitative research _h[electronic resource] / _cNorman K. Denzin and Yvonna S. Lincoln. |
| 260 |
_aLondon : _bSAGE, _c2001. |
||
| 300 |
_a1 online resource (4 v.) : _bill. |
||
| 490 | 1 | _aSAGE benchmarks in social research methods | |
| 520 | 8 | _a'The American Tradition in Qualitative Research' provides a panoramic survey of the key contributions to American qualitative research. Topics covered include history, ethics politics, paradigms, interpretive practices and the future. | |
| 521 | _aSpecialized. | ||
| 588 | _aDescription based on print version record. | ||
| 504 | _aIncludes bibliographical references. | ||
| 650 | 0 |
_aQualitative research _zUnited States. |
|
| 650 | 0 |
_aSocial sciences _xResearch _zUnited States. |
|
| 655 | 7 |
_aElectronic books. _2local |
|
| 700 | 1 | _aDenzin, Norman K. | |
| 700 | 1 | _aLincoln, Yvonna S. | |
| 710 | 2 | _aSage eBooks | |
| 776 | 0 | 8 |
_iPrint version : _z9780761969808 |
| 830 | 0 | _aSAGE benchmarks in social research methods. | |
| 856 | 4 | 0 | _uhttp://ezproxy.alfaisal.edu/login?url=http://sk.sagepub.com/navigator/the-american-tradition-in-qualitative-research |
| 942 |
_2lcc _cEBOOKS |
||
| 999 |
_c481439 _d481439 |
||